000 00349nam a2200145Ia 4500
008 230917s9999||||xx |||||||||||||| ||und||
040 _e139438
_aMAIN
041 _aEnglish
082 _a658.409 D428S
100 _aDenny, Richard
245 0 _aSucceed for your self
260 _aNew Delhi
_bKogan Page
_c2002
300 _a239p p.
942 _cBK
999 _c119025
_d119025